Вербальні та невербальні ознаки реалізації неправдивого висловлювання (на прикладі твору А. Крісті "Різдво Еркюля Пуаро") (Запис № 285018)
[ простий вигляд ]
| 000 -LEADER | |
|---|---|
| fixed length control field | 01714nam a22001577a 4500 |
| 041 ## - LANGUAGE CODE | |
| Language code of text/sound track or separate title | ukr |
| 080 ## - UNIVERSAL DECIMAL CLASSIFICATION NUMBER | |
| Universal Decimal Classification number | 09 |
| 090 ## - LOCALLY ASSIGNED LC-TYPE CALL NUMBER (OCLC); LOCAL CALL NUMBER (OCLC) | |
| Local cutter number (OCLC) ; Book number/undivided call number, CALL (RLIN) | ДЖИ |
| 100 ## - MAIN ENTRY--PERSONAL NAME | |
| Personal name | Джиган Н. Г. |
| 245 ## - TITLE STATEMENT | |
| Title | Вербальні та невербальні ознаки реалізації неправдивого висловлювання (на прикладі твору А. Крісті "Різдво Еркюля Пуаро") |
| 260 ## - PUBLICATION, DISTRIBUTION, ETC. (IMPRINT) | |
| Place of publication, distribution, etc | Острог |
| Name of publisher, distributor, etc | КАФ |
| Date of publication, distribution, etc | 2012 |
| 300 ## - PHYSICAL DESCRIPTION | |
| Extent | 71 |
| 520 ## - SUMMARY, ETC. | |
| Summary, etc | РОЗДІЛ 1 НЕПРАВДИВЕ ВИСЛОВЛЮВАННЯ ЯК НЕВІДЄМНА СКЛАДОВА БУТТЯ ЛЮДИНИ<br/>1.1 Неправдиве висловлювання:його природа, форми та прояви<br/>1.2 Виявлення неправдивого висловлювання<br/>1.3 Вербальні ознаки виявлення брехні<br/>1.4 Виявлення брехні за невербальними ознаками<br/>РОЗДІЛ 2 ОСОБЛИВОСТІ ПРОЯВІВ РЕАЛІЗАЦІЇ НЕПРАВДИВИХ ВИСЛОВЛЮВАНЬ (НА МАТЕРІАЛІ ДЕТЕКТИВУ АГАТИ КРІСТІ "РІЗДВО ЕРКЮЛЯ ПУАРО")<br/>2.1 Детективний жанр у контексті аналізу реалізації неправдивого висловлювання<br/>2.2 аналіз вербальних ознак реалізації непрадивого висловлювання у творі А. Крісті "Різдво Е. Пуаро"<br/>2.3 Вербальні та невербальні ознаки прояву неправдивих висловлювань у творі |
| -- | Брехня,детектив |
| 650 ## - SUBJECT ADDED ENTRY--TOPICAL TERM | |
| Topical term or geographic name as entry element | Research Papers |
| 942 ## - ADDED ENTRY ELEMENTS (KOHA) | |
| Koha item type | Книги |
| Withdrawn status | Lost status | Source of classification or shelving scheme | Damaged status | Not for loan | Home library | Current library | Date acquired | Source of acquisition | Cost, normal purchase price | Total Checkouts | Full call number | Barcode | Date last seen | Price effective from | Koha item type |
|---|---|---|---|---|---|---|---|---|---|---|---|---|---|---|---|
| Universal Decimal Classification | ВІЛ - Відділ іноземн. літератури НБ | ВІЛ - Відділ іноземн. літератури НБ | 18/09/2012 | Акт №5 | 1.00 | 09 | 215011 | 10/11/2021 | 18/09/2012 | Книги |